More scary stories to tell in the dark / (Record no. 5584)

MARC details
000 -LEADER
fixed length control field 00907nam a22002657a 4500
001 - CONTROL NUMBER
control field 5584
003 - CONTROL NUMBER IDENTIFIER
control field FISKH
005 - DATE AND TIME OF LATEST TRANSACTION
control field 20241219095412.0
008 - FIXED-LENGTH DATA ELEMENTS--GENERAL INFORMATION
fixed length control field 241219b cb ||||| |||| 00| 0 eng d
020 ## - INTERNATIONAL STANDARD BOOK NUMBER
International Standard Book Number 0590135864
040 ## - CATALOGING SOURCE
Original cataloging agency FISKH
Language of cataloging eng
Transcribing agency FISKH
Modifying agency FISKH
050 ## - LIBRARY OF CONGRESS CALL NUMBER
Classification number PZ8.S399
082 ## - DEWEY DECIMAL CLASSIFICATION NUMBER
Classification number 398.25
100 ## - MAIN ENTRY--PERSONAL NAME
Personal name Schwart, Alvin
245 ## - TITLE STATEMENT
Title More scary stories to tell in the dark /
Statement of responsibility, etc. Collection from Folklore and Retold by Alvin Schwartz : Drawing by Stephen Gammell
260 ## - PUBLICATION, DISTRIBUTION, ETC.
Place of publication, distribution, etc. New York :
Name of publisher, distributor, etc. Scholastic ;
Date of publication, distribution, etc. 1984.
300 ## - PHYSICAL DESCRIPTION
Extent 100 pages :
Other physical details illustrations ;
Dimensions 20 cm .
490 ## - SERIES STATEMENT
Series statement Scary stories to tell in the dark
520 ## - SUMMARY, ETC.
Summary, etc. More traditional and modern-day stories of ghosts, witches, vampires, "jump" stories, and scary songs.
650 ## - SUBJECT ADDED ENTRY--TOPICAL TERM
Topical term or geographic name entry element ghost stories
Form subdivision Fiction
650 ## - SUBJECT ADDED ENTRY--TOPICAL TERM
Topical term or geographic name entry element young adult
Form subdivision Fiction
700 ## - ADDED ENTRY--PERSONAL NAME
Personal name Gammell, Stephen
Relator term illustrator
942 ## - ADDED ENTRY ELEMENTS (KOHA)
Source of classification or shelving scheme Dewey Decimal Classification
Koha item type Books
Suppress in OPAC No
Holdings
Withdrawn status Lost status Source of classification or shelving scheme Damaged status Not for loan Collection Home library Current library Shelving location Date acquired Total Checkouts Full call number Barcode Date last seen Price effective from Koha item type
    Dewey Decimal Classification     Fiction Footprints International School Library Network Toul Kork Campus Footprints International School Library Network Toul Kork Campus TTP Secondary Fiction Bookshelves 12/19/2024   SCH 398.25 PZ8.S399 FISSE00540 12/19/2024 12/19/2024 Books